000 00217nam a22000857a 4500
008 170327b xxu||||| |||| 00| 0 eng d
100 _93042
_aGupta.R.G.
245 _aManual On Mathematics-VI
260 _aNew Delhi
_bAPC
_c2010
999 _c6303
_d6303